000 01424cab a2200229 4500
001 ABS37121
008 090401t1986 xxu||||| |||| 00| 0 eng d
035 _a(Sirsi) u2420
041 _aeng
100 _aBennett, D.
245 4 _aThe National Association of Solicitors Property Centres - Philosophy and objectives
260 _c1986
350 _a0
490 _aLaw Society`s Gazette
_v83 (40) 5 November 1986 3321-3325(3)
520 _aSets out NASPyC `s policy with regard to the selling of property and conveyancing by solicitors , operating either jointly in solicitors property centres or individually through their separate practices. NASPyC feels that if solicitors do not respond to the challenge of participating in the property-selling market and are able to offer a full residential estate agency service and conveyancing package then the following 3 trends will continue: 1) conveyancing fees will drop further, 2) there will be an overall drop in instructions when estate agents are encouraged to take on licensed conveyancers and establish estate agents` one-stop shops and 3) there will be a drop in solicitors general profile in terms of public awareness. Lists the objectives of NASPyC.
650 _aPROPERTY SALES
650 _aPUBLIC OPINION
650 _aSOLICITORS ESTATE AGENCY LTD
690 _aMANAGEMENT-BUSINESS MANAGEMENT-PROFESSIONAL PRACTICE
942 _n0
948 _c04/03/1997
999 _c1461
_d1461